000 00689nam a2200217Ia 4500
003 IN-BaIIA
008 211028s9999 xx 000 0 eng d
020 _a81-85015-84-8
040 _cIIA Library
080 _a53
_bFEY-III
100 _aFeynman, Richard P.
245 4 _aThe Feynman lectures on physics
_bvol. III, quantum mechanics
_c R. P. Feynman, R B Leighton and M Sands
260 _aNew Delhi
_bNarosa Publishing House
_c1988
300 _a[various pagings.]
650 _aNASA Thesaurus
650 _aPhysics
_973
650 _aQuantum mechanics
700 _aLeighton, R B
_916751
700 _aSands, M
_912677
942 _cBK
999 _c9879
_d9879